000 00894nam a2200229Ii 4500
003 JO-AjNU
008 230605s9999||||xx |||||||||||||| ||und||
017 _a2003/5458
020 _a9959-818-17-9
040 _aJO-AjNU
_bara
_erda
_cJO-AjNU
041 _aara
050 1 4 _aBF128.M8322.2003
100 3 _aالمفتي،محمد محمد ، البابور،منصور محمد/مراجعة علمية ، الطلحي،عبد القادر/مراجعة لغوية,
_eauthor
_914327
245 0 0 _aتوطين العلم والتقنية :الطموح والواقع
250 _aط1
264 3 1 _aطرابلس:الهيئة القومية للبحث العلمي ،2003
300 _a211ص
336 _atext
_btxt
_2rdacontent
337 _aunmediated
_bn
_2rdamedia
338 _avolume
_bnc
_2rdacarrier
650 4 _aتكنولوجيا ومجتمع-علم-البلاد العربية
_914328
999 _aA3794
_c7362
_d7362